Logo BPK

Biblioteka

Politechniki Koszalińskiej

Heath's brief handbook of usage / (Rekord nr 47599)

Szczegóły MARC
000 -ETYKIETA REKORDU
podpole kontrolne o stałej długości 00662nam a2200217 i 4500
001 - NUMER KONTROLNY REKORDU
pole kontrolne bgj
020 ## - MIĘDZYNARODOWY ZNORMALIZOWANY NUMER KSIĄŻKI - ISBN
ISBN 0669005886
040 ## - ŹRÓDŁO KATALOGOWANIA
Instytucja, która utworzyła rekord BPK
041 0# - KOD JĘZYKA
Kod języka tekstu eng
920 ## - Międzynarodowy znormalizowany numer książki – ISBN
ISBN 0-669-00588-6
008 - POLE O STAŁEJ DŁUGOŚCI - DANE KONTROLNE
podpole kontrolne o stałej długości s uk f |000 0 eng
100 1# - NAZWA OSOBOWA
Nazwa osobowa ELSBREE, Langdon
245 10 - TYTUŁ/ODPOWIEDZIALNOŚĆ
Tytuł Heath's brief handbook of usage /
Pozostałe elementy strefy tytułu i oznaczenia odpowiedzialności Langdon Elsbree ; Frederick Bracher ; Nell Altizer.
260 ## - STREFA ADRESU WYDAWNICZEGO
Miejsce wydania Lexington, Ma :
Nazwa wydawcy/dystrybutora D. C. Heath and Company,
Data publikacji, dystrybucji/powstania dokumentu c. 1977
Miejsce wydania Toronto.
300 ## - STREFA OPISU FIZYCZNEGO
Objętość [7], 265 pp ;
Rozmiary 21 cm.
505 ## - SFORMALIZOWANA UWAGA DOTYCZĄCA ZAWARTOŚCI
Pełny tekst uwagi Includes index.
650 #9 - HASŁO PRZEDMIOTOWE W FORMIE NAZWY OGÓLNEJ LUB JEDNOSTKOWEJ
Nazwa ogólna lub geograficzna English language
Określnik ogólny Usage
700 1# - HASŁO DODATKOWE - NAZWA OSOBOWA
Nazwa osobowa BRACHER, Frederick
Daty związane z nazwą (1905- ).
Określenie związku między hasłem a opisywanym materiałem co-author
700 1# - HASŁO DODATKOWE - NAZWA OSOBOWA
Nazwa osobowa ALTIZER, Nell.
Określenie związku między hasłem a opisywanym materiałem co-author
942 ## - DODATKOWE ELEMENTY (KOHA)
Typ dokumentu Książka
Egzemplarze
Wycofany Status egzemplarza Uszkodzony Dostępność Lokalizacja stała Lokalizacja bieżąca Miejsce przechowywania Sygnatura Kod kreskowy Typ dokumentu
      Dostępny Biblioteka Politechniki Koszalińskiej Biblioteka Politechniki Koszalińskiej Wypożyczalnia Językowa KA 4003 09089754 Książka
      Dostępny Biblioteka Politechniki Koszalińskiej Biblioteka Politechniki Koszalińskiej Wypożyczalnia Językowa KA 4004 09037090 Książka
© 2023 Biblioteka Politechniki Koszalińskiej :: KOHA